=LDR 00000nam 2200000 4500 =001 000286 =990 ##$$a TBM202500093 =005 20250710010253 =035 ##$$a 0010-0725000129 =245 1#$$a Anand /$c Rajiv Eipe =100 #$$a Eipe, Rajiv =250 ##$$a Cetakan Pertama =300 ##$$a 20 hlm : $b ilus. ; $c 29,7 cm =856 ##$$a TBM AS SUHADA =260 ##$$a Jakarta Timur :$b Badan Pengembangan dan Pembinaan Bahasa,$c 2022 =082 ##$$a 398.209 598 =084 ##$$a 398.209 598 EIP a =020 ##$$a 978-623-307-286-1 =600 #4$$a Cerita anak Indonesia - Terjemahan =650 #4$$a Literasi-Bahan Bacaan